书目信息 |
| 题名: |
教育心理学
|
|
| 作者: | 埃根 , 考恰克 著 ;郑日昌 主译 | |
| 分册: | ||
| 出版信息: | 北京 北京大学出版社 2009 |
|
| 页数: | 701页 | |
| 开本: | 25cm | |
| 丛书名: | 培文书系 | |
| 单 册: | ||
| 中图分类: | G441 | |
| 科图分类: | ||
| 主题词: | 课堂教学--教学心理学 , 课堂教学 , 教育心理学 | |
| 电子资源: | ||
| ISBN: | 978-7-301-13186-2 | |
| 000 | 01399oam2 2200337 45 | |
| 001 | 1034578144 | |
| 005 | 20100319084203.21 | |
| 010 | @a978-7-301-13186-2@dCNY80.00 | |
| 100 | @a20100312d2009 em y0chiy50 ea | |
| 101 | 1 | @achi@ceng |
| 102 | @aCN@b110000 | |
| 105 | @aa z 000yy | |
| 106 | @ar | |
| 200 | 1 | @a教育心理学@AJiao Yu Xin Li Xue@dEducational psychology:windows on classrooms@e课堂之窗@EKe Tang Zhi Chuang@f(美)保罗·埃根(Paul Eggen),(美)唐·考查克(Don Kauchak)著@F( Mei ) Bao Luo· Ai Gen (Paul Eggen),( Mei ) Tang· Kao Cha Ke (Don Kauchak) Zhu@g郑日昌主译@zeng |
| 210 | @a北京@c北京大学出版社@d2009 | |
| 215 | @a701页@c图@d25cm | |
| 225 | 2 | @a培文书系@i心理学译丛 |
| 305 | @a据原书第6版译出 由Pearson Education, Inc. 授权出版 | |
| 330 | @a本书对研究和理论进行了准确、清晰和精确的阐述,并提出了许多如何将它们应用到课堂实践中的建议,将当前的课堂和它们未来可能的样子现实地呈现给读者。 | |
| 461 | 0 | @12001 @a培文书系 |
| 510 | 1 | @aEducational psychology@ewindows on classrooms@zeng |
| 517 | 1 | @a课堂之窗@AKe Tang Zhi Chuang |
| 606 | 0 | @a课堂教学@x教学心理学 |
| 606 | 0 | @a课堂教学 |
| 606 | 0 | @a教育心理学 |
| 690 | @aG441@v4 | |
| 701 | 1 | @a埃根@AAi Gen@g(Eggen, Paul D.)@4著 |
| 701 | 1 | @a考恰克@AKao Qia Ke@g(Kauchak, Donald P.)@4著 |
| 702 | 0 | @a郑日昌@AZheng Ri Chang@f(1944~)@4主译 |
| 801 | 0 | @aCN@bTANGWEI@c20100319 |
| 905 | @b0586476-79@dG441@e180@f4 | |
| 教育心理学=Educational psychology:windows on classrooms:课堂之窗/(美)保罗·埃根(Paul Eggen),(美)唐·考查克(Don Kauchak)著/郑日昌主译.-北京:北京大学出版社,2009 |
| 701页:图;25cm.-(培文书系.心理学译丛) |
| ISBN 978-7-301-13186-2:CNY80.00 |
| 本书对研究和理论进行了准确、清晰和精确的阐述,并提出了许多如何将它们应用到课堂实践中的建议,将当前的课堂和它们未来可能的样子现实地呈现给读者。 |
| ● |
| 相关链接 |
|
|
|
|
正题名:教育心理学
索取号:G441/180
 
预约/预借
| 序号 | 登录号 | 条形码 | 馆藏地/架位号 | 状态 | 备注 |
| 1 | 0586476 | 205864769 | 第一样本阅览室/ [索取号:G441/180] | 在馆 | |
| 2 | 0586477 | 205864778 | 第四借阅区/ [索取号:G441/180] | 在馆 | |
| 3 | 0586478 | 205864787 | 第四借阅区/ [索取号:G441/180] | 在馆 | |
| 4 | 0586479 | 205864796 | 教育系资料室/ [索取号:G441/180] | 在馆 |